[Event "Paul Keres Memorial 2015"]
[Site "Tallinn EST"]
[Date "2016.01.10"]
[Round "10.4"]
[White "Jumabayev, Rinat"]
[Black "Matlakov, Maxim"]
[Result "0-1"]
[WhiteTitle "GM"]
[BlackTitle "GM"]
[WhiteElo "2607"]
[BlackElo "2682"]
[WhiteFideId "13702661"]
[BlackFideId "4168003"]
[EventDate "2016.01.08"]

1. Nf3 Nf6 2. c4 c6 3. d4 d5 4. Qb3 dxc4 5. Qxc4 Bg4 6. Nc3 Nbd7 7. Bf4 Bxf3 8.
gxf3 Nb6 9. Qd3 Nfd5 10. Nxd5 Nxd5 11. Bd2 e6 12. e4 Nf6 13. O-O-O g6 14. Kb1
Bg7 15. Be3 O-O 16. Be2 Qc7 17. h4 Rad8 18. f4 c5 19. Qc2 Bh6 20. f5 Bxe3 21.
fxe3 exf5 22. exf5 Nd5 23. Rh3 cxd4 24. Qxc7 Nxc7 25. exd4 Rd6 26. Bc4 Kg7 27.
Re3 Nd5 28. Re5 Rfd8 29. fxg6 hxg6 30. Rf1 R8d7 31. Bb5 Rc7 32. Rd1 Nf4 33. a3
a6 34. Ba4 Ne6 35. d5 Nf4 36. Bb3 Rcd7 37. Rd4 f6 38. Re3 g5 39. Rg3 Ne2 40.
Rdg4 Nxg3 41. Rxg3 Rxd5 42. Bxd5 Rxd5 43. hxg5 fxg5 44. Kc2 Kg6 45. Rb3 b5 46.
Rc3 g4 47. Rc6+ Kh5 48. Rxa6 g3 49. Re6 g2 50. Re1 Rg5 51. Kc3 g1=Q 52. Rxg1
Rxg1 53. Kb4 Rg5 54. b3 Kg6 55. a4 bxa4 56. bxa4 Kf6 57. a5 Ke7 58. a6 Kd7 59.
a7 Rg8 0-1

[Event "Paul Keres Memorial 2015"]
[Site "Tallinn EST"]
[Date "2016.01.10"]
[Round "10.5"]
[White "Berkes, Ferenc"]
[Black "Mikhalevski, Victor"]
[Result "1-0"]
[WhiteTitle "GM"]
[BlackTitle "GM"]
[WhiteElo "2652"]
[BlackElo "2528"]
[WhiteFideId "718572"]
[BlackFideId "2801914"]
[EventDate "2016.01.08"]

1. c4 e5 2. Nc3 Bb4 3. g3 Bxc3 4. dxc3 d6 5. Bg2 Nc6 6. c5 dxc5 7. Bxc6+ bxc6 8.
Qxd8+ Kxd8 9. Be3 c4 10. Nf3 f6 11. O-O-O+ Ke8 12. Nd2 Be6 13. f4 Ne7 14. fxe5
fxe5 15. Bc5 Ng6 16. Rhf1 a6 17. h4 h6 18. Rf3 Rd8 19. Re3 Rd5 20. Ba3 Rb5 21.
Nf3 Bg4 22. Re4 Be6 23. Nd4 Bd5 24. Nxb5 axb5 25. Rg4 Bf7 26. h5 Nf8 27. Bxf8
Kxf8 28. Rd8+ Be8 29. Rc8 Kf7 30. Rg6 Rg8 31. Rxc7+ Kf8 32. g4 1-0

[Event "Paul Keres Memorial 2015"]
[Site "Tallinn EST"]
[Date "2016.01.10"]
[Round "10.6"]
[White "Vitiugov, Nikita"]
[Black "Neiksans, Arturs"]
[Result "1/2-1/2"]
[WhiteTitle "GM"]
[BlackTitle "GM"]
[WhiteElo "2721"]
[BlackElo "2607"]
[WhiteFideId "4152956"]
[BlackFideId "11601388"]
[EventDate "2016.01.08"]

1. d4 Nf6 2. c4 e6 3. Nf3 b6 4. g3 Bb7 5. Bg2 Be7 6. Nc3 Ne4 7. Bd2 Bf6 8. O-O
O-O 9. Qc2 Nxd2 10. Qxd2 d6 11. d5 Bxc3 12. Qxc3 exd5 13. cxd5 Bxd5 14. Rfd1 Be4
15. Rac1 c5 16. Nh4 Bxg2 17. Kxg2 g6 18. Qd2 Nc6 19. Nf3 d5 20. Qxd5 Qxd5 21.
Rxd5 Rfd8 22. Rxd8+ Rxd8 23. a3 Rd6 24. Kf1 Kg7 25. e3 Kf6 26. Ke2 Ne5 27. Nd2
Ke7 28. Rc3 f5 29. h3 h5 30. b4 Nd7 31. Nb3 Rd5 32. h4 Kd6 33. Nd2 Nf6 34. f3
Kc6 35. a4 Kd6 36. b5 Ke6 37. Nc4 Rd7 38. a5 Nd5 39. Ra3 bxa5 40. Nxa5 Nb4 41.
Rc3 Kd5 42. e4+ fxe4 43. fxe4+ Kxe4 44. Rxc5 Nd5 45. Nc6 Rb7 46. Rc4+ Kf5 47.
Rc5 Ke4 48. Rc4+ Kf5 49. Kd3 Rd7 50. Rd4 Ke6 51. Kc4 Nb6+ 52. Kc5 Rc7 53. Rd6+
Kf5 54. Rd4 Ke6 55. Re4+ Kf6 56. Re8 Nc8 57. Rf8+ Ke6 58. Re8+ Kf6 59. Rf8+ Ke6
60. Rf3 Nb6 61. Re3+ Kf6 62. Ra3 Nc8 63. Rd3 Nb6 64. Kb4 Ke6 65. Re3+ Kd6 66.
Rd3+ Ke6 67. Ka5 Nd7 68. Nd8+ Ke7 69. Nc6+ Ke6 70. Rd4 Nc5 71. Kb4 Nd7 72. Rd1
Nb6 73. Ra1 Nc8 74. Kc5 Kf5 75. Ra4 g5 76. Rd4 Nb6 77. hxg5 Kxg5 78. Rd8 Na4+
79. Kd6 Rb7 80. Rg8+ Kf6 81. Nd4 Nc3 82. Kc6 Rb6+ 83. Kc5 Ne4+ 84. Kd5 Nd6 85.
Kc5 Ne4+ 86. Kd5 Nd6 87. Kc5 Ne4+ 88. Kb4 Nd6 89. Kc5 Ne4+ 90. Kb4 Nd6 91. Kc5
Ke5 1/2-1/2

[Event "Paul Keres Memorial 2015"]
[Site "Tallinn EST"]
[Date "2016.01.10"]
[Round "10.7"]
[White "Rakhmanov, Aleksandr"]
[Black "Motylev, Alexander"]
[Result "1/2-1/2"]
[WhiteTitle "GM"]
[BlackTitle "GM"]
[WhiteElo "2648"]
[BlackElo "2656"]
[WhiteFideId "4173708"]
[BlackFideId "4121830"]
[EventDate "2016.01.08"]

1. c4 e5 2. Nf3 Nc6 3. d4 exd4 4. Nxd4 Bb4+ 5. Bd2 Bc5 6. Nb3 Be7 7. Nc3 Nf6 8.
Bg5 O-O 9. e3 Ne5 10. Nd4 d6 11. Be2 c6 12. Qc2 Re8 13. Rd1 Qa5 14. Bh4 Nd5 15.
Bxe7 Nxe7 16. O-O Qc7 17. h3 a6 18. Rd2 c5 19. Nf3 Bf5 20. Qb3 N5c6 21. Rfd1
Rad8 22. Na4 h6 23. Qb6 Qb8 24. Qb3 Qc7 25. Qb6 Qb8 26. Qb3 Qc7 27. Qb6 Qb8 1/2-1/2

[Event "Paul Keres Memorial 2015"]
[Site "Tallinn EST"]
[Date "2016.01.10"]
[Round "10.8"]
[White "Lintchevski, Daniil"]
[Black "Sutovsky, Emil"]
[Result "0-1"]
[WhiteTitle "GM"]
[BlackTitle "GM"]
[WhiteElo "2563"]
[BlackElo "2647"]
[WhiteFideId "4171055"]
[BlackFideId "2802007"]
[EventDate "2016.01.08"]

1. e4 c5 2. Nf3 Nc6 3. d4 cxd4 4. Nxd4 Nf6 5. Nc3 e5 6. Ndb5 d6 7. Bg5 a6 8. Na3
b5 9. Nd5 Be7 10. Bxf6 Bxf6 11. c4 Nd4 12. cxb5 Be6 13. Bc4 axb5 14. Bxb5+ Kf8
15. Bc4 Qa5+ 16. Qd2 Bd8 17. Qxa5 Bxa5+ 18. Kd1 f5 19. f3 g6 20. Nc2 Rc8 21.
Nxd4 exd4 22. Bd3 fxe4 23. Bxe4 Bxd5 24. Bxd5 d3 25. Rc1 Kg7 26. a3 d2 27. Rc2
Rxc2 28. Kxc2 Rc8+ 29. Kb1 Bb6 30. Bb3 Be3 31. Bd1 Rc1+ 32. Ka2 Kf6 33. b4 Ke5
34. Kb3 Kd4 35. h4 Kd3 36. g4 Rb1+ 37. Ka4 d5 38. Kb5 d4 39. a4 Rxd1 40. Rxd1
Kc2 0-1

[Event "Paul Keres Memorial 2015"]
[Site "Tallinn EST"]
[Date "2016.01.10"]
[Round "10.9"]
[White "Romanov, Evgeny"]
[Black "Duda, Jan-Krzysztof"]
[Result "1/2-1/2"]
[WhiteTitle "GM"]
[BlackTitle "GM"]
[WhiteElo "2617"]
[BlackElo "2660"]
[WhiteFideId "4148843"]
[BlackFideId "1170546"]
[EventDate "2016.01.08"]

1. Nf3 d5 2. b3 Bg4 3. Bb2 Nd7 4. e3 Ngf6 5. Be2 e6 6. h3 Bxf3 7. Bxf3 Bd6 8. d4
O-O 9. c4 c6 10. O-O Qe7 11. Nc3 Rad8 12. Qc2 Rfe8 13. Rad1 dxc4 14. bxc4 e5 15.
Ne4 Nxe4 16. Qxe4 Nf6 17. Qc2 e4 18. Be2 h5 19. d5 Rc8 20. dxc6 Rxc6 21. Bxf6
Qxf6 22. Rd5 g6 23. Rfd1 Bc5 24. Rd7 Re7 25. Rxe7 Qxe7 26. Rd5 b6 27. Qd2 Qf6
28. Rd7 a5 29. Bd1 Re6 30. a4 Kg7 31. Qd5 Bd6 32. h4 Be5 33. c5 bxc5 34. Bb3 Re7
35. Rxe7 Qxe7 36. g3 Bf6 37. Bc2 Qe5 38. Qxe5 1/2-1/2

[Event "Paul Keres Memorial 2015"]
[Site "Tallinn EST"]
[Date "2016.01.10"]
[Round "10.10"]
[White "Miton, Kamil"]
[Black "Kantans, Toms"]
[Result "1-0"]
[WhiteTitle "GM"]
[BlackTitle "IM"]
[WhiteElo "2612"]
[BlackElo "2513"]
[WhiteFideId "1111914"]
[BlackFideId "11602945"]
[EventDate "2016.01.08"]

1. d4 Nf6 2. c4 c5 3. d5 e6 4. Nc3 exd5 5. cxd5 d6 6. e4 g6 7. f3 Bg7 8. Bg5 O-O
9. Qd2 Nbd7 10. Nh3 a6 11. a4 Rb8 12. Nf2 Qc7 13. Be2 c4 14. O-O b5 15. axb5
axb5 16. b4 Ne5 17. Be3 Bd7 18. Rac1 Rfc8 19. f4 Neg4 20. Bxg4 Nxg4 21. Nxg4
Bxg4 22. f5 gxf5 23. exf5 f6 24. Rf4 Bh5 25. Rh4 Be8 26. Bh6 Kh8 27. Rg4 Bxh6
28. Qxh6 Qf7 29. Ne4 Bd7 30. Nxd6 Qf8 31. Rg6 Rc7 32. Rc3 Ra8 33. Qxh7+ 1-0

[Event "Paul Keres Memorial 2015"]
[Site "Tallinn EST"]
[Date "2016.01.10"]
[Round "11.1"]
[White "Gelfand, Boris"]
[Black "Kovalenko, Igor"]
[Result "1/2-1/2"]
[WhiteTitle "GM"]
[BlackTitle "GM"]
[WhiteElo "2735"]
[BlackElo "2680"]
[WhiteFideId "2805677"]
[BlackFideId "14117908"]
[EventDate "2016.01.08"]

1. d4 Nf6 2. c4 e6 3. Nf3 b6 4. g3 Ba6 5. b3 c6 6. Bg2 Bb4+ 7. Nbd2 d5 8. O-O
Nbd7 9. e4 O-O 10. e5 Ne8 11. Bb2 Rc8 12. Re1 Nc7 13. a3 Be7 14. cxd5 Nxd5 15.
Ne4 c5 16. Nfd2 cxd4 17. Bxd4 Nc5 18. Nxc5 Bxc5 19. Bxc5 Nc3 1/2-1/2

[Event "Paul Keres Memorial 2015"]
[Site "Tallinn EST"]
[Date "2016.01.10"]
[Round "11.2"]
[White "Ganguly, Surya Shekhar"]
[Black "Berkes, Ferenc"]
[Result "1/2-1/2"]
[WhiteTitle "GM"]
[BlackTitle "GM"]
[WhiteElo "2660"]
[BlackElo "2652"]
[WhiteFideId "5002150"]
[BlackFideId "718572"]
[EventDate "2016.01.08"]

1. e4 c6 2. d4 d5 3. Nc3 dxe4 4. Nxe4 Nd7 5. Nf3 Ngf6 6. Nxf6+ Nxf6 7. Bd3 Bg4
8. c3 e6 9. h3 Bh5 10. O-O Qd5 1/2-1/2

[Event "Paul Keres Memorial 2015"]
[Site "Tallinn EST"]
[Date "2016.01.10"]
[Round "11.3"]
[White "Svidler, Peter"]
[Black "Miton, Kamil"]
[Result "1/2-1/2"]
[WhiteTitle "GM"]
[BlackTitle "GM"]
[WhiteElo "2751"]
[BlackElo "2612"]
[WhiteFideId "4102142"]
[BlackFideId "1111914"]
[EventDate "2016.01.08"]

1. e4 c5 2. Nf3 d6 3. Bb5+ Bd7 4. c4 a6 5. Bxd7+ Nxd7 6. Nc3 Ngf6 7. b3 e6 8.
Bb2 Be7 9. d4 cxd4 10. Nxd4 O-O 11. O-O Rc8 12. Qe2 Qa5 13. Rad1 Rfe8 14. f4 b5
15. e5 b4 16. exf6 bxc3 17. Bxc3 Qxc3 18. fxe7 Nf6 19. g4 d5 20. f5 e5 21. g5
exd4 22. gxf6 d3 23. Qxd3 Qxf6 24. Qxd5 Qxe7 25. Qd6 Qe3+ 26. Rf2 Re4 27. Qg3
Qc5 28. Rd5 Qc6 29. h3 Rce8 30. Kh2 Qf6 31. Rd6 Qa1 32. Rd3 Re2 33. Rd2 Re1 34.
Qf3 Qe5+ 35. Kg2 h6 36. Rd1 Re3 37. Qf4 Qf6 38. Rd6 Qa1 39. Qd4 Qb1 40. Rd8 Rxd8
41. Qxd8+ Kh7 42. Qd5 f6 43. c5 Re5 44. Qc4 Re1 45. Qc2 Rg1+ 46. Kf3 Qe1 47. Re2
Qg3+ 48. Ke4 Qe5+ 49. Kd3 Rg3+ 50. Kc4 Qb8 51. c6 Qb5+ 52. Kd4 Qb6+ 53. Kd5 Qb5+
54. Ke6 Qb6 55. Kf7 Qc7+ 56. Re7 Qc8 57. Re8 Qc7+ 58. Re7 Qc8 59. Re8 Qc7+ 1/2-1/2

[Event "Paul Keres Memorial 2015"]
[Site "Tallinn EST"]
[Date "2016.01.10"]
[Round "11.4"]
[White "Sutovsky, Emil"]
[Black "Howell, David W L"]
[Result "0-1"]
[WhiteTitle "GM"]
[BlackTitle "GM"]
[WhiteElo "2647"]
[BlackElo "2685"]
[WhiteFideId "2802007"]
[BlackFideId "410608"]
[EventDate "2016.01.08"]

1. e4 e5 2. Nf3 Nc6 3. Bb5 Nge7 4. Nc3 g6 5. d4 exd4 6. Nd5 Bg7 7. Bg5 h6 8. Bf6
Bxf6 9. Nxf6+ Kf8 10. Qd2 d5 11. Bxc6 Nxc6 12. Nxd5 Bf5 13. Qf4 Bxe4 14. Nxc7
Qe7 15. Nxa8 Bd3+ 16. Ne5 Nxe5 17. O-O-O Qc5 18. Rd2 Kg7 19. Re1 f6 20. Qg3 0-1

[Event "Paul Keres Memorial 2015"]
[Site "Tallinn EST"]
[Date "2016.01.10"]
[Round "11.5"]
[White "Matlakov, Maxim"]
[Black "Georgiev, Kiril"]
[Result "0-1"]
[WhiteTitle "GM"]
[BlackTitle "GM"]
[WhiteElo "2682"]
[BlackElo "2624"]
[WhiteFideId "4168003"]
[BlackFideId "2900017"]
[EventDate "2016.01.08"]

1. c4 e6 2. Nc3 b6 3. d4 Bb7 4. a3 f5 5. Nf3 Nf6 6. Bf4 Be7 7. e3 Nh5 8. d5 Nxf4
9. exf4 Bf6 10. Rc1 O-O 11. Be2 Na6 12. b4 c5 13. dxc6 dxc6 14. Qb3 c5 15. b5
Nc7 16. Rd1 Qe7 17. O-O Rad8 18. Na2 h6 19. Nc1 g5 20. Nd3 Rd6 21. Nde5 Rfd8 22.
Qe3 Rxd1 23. Rxd1 Rxd1+ 24. Bxd1 Qd6 25. Bc2 Bxf3 26. Qxf3 Bxe5 27. fxe5 Qxe5
28. g4 Qf4 29. Qxf4 gxf4 30. gxf5 e5 31. Kg2 Ne8 32. Kf3 Nd6 33. Kg4 Kg7 34. Bd3
Kf6 35. f3 Nxf5 36. Kh5 Nd4 37. Be4 Nb3 38. Kxh6 Nd2 39. Bd5 e4 40. fxe4 Ke5 41.
Bf7 f3 42. Bh5 Kxe4 43. h4 f2 44. Be2 Ke3 0-1

[Event "Paul Keres Memorial 2015"]
[Site "Tallinn EST"]
[Date "2016.01.10"]
[Round "11.6"]
[White "Vitiugov, Nikita"]
[Black "Romanov, Evgeny"]
[Result "1/2-1/2"]
[WhiteTitle "GM"]
[BlackTitle "GM"]
[WhiteElo "2721"]
[BlackElo "2617"]
[WhiteFideId "4152956"]
[BlackFideId "4148843"]
[EventDate "2016.01.08"]

1. d4 Nf6 2. c4 b6 3. Nc3 Bb7 4. Qc2 d5 5. cxd5 Nxd5 6. Nf3 Nxc3 7. bxc3 g6 8.
h4 Bg7 9. h5 c5 10. e3 Qc7 11. Bc4 e6 12. Bb2 Nc6 13. dxc5 bxc5 14. O-O-O Ke7
15. Ng5 Ne5 16. Be2 Bf6 17. f4 Bxg5 18. fxg5 Rhb8 19. hxg6 hxg6 20. c4 Bxg2 21.
Rh7 Rxb2 22. Qxb2 Be4 23. Qc3 Rb8 24. Kd2 Rd8+ 25. Kc1 Rb8 26. Kd2 Rd8+ 27. Kc1 1/2-1/2

[Event "Paul Keres Memorial 2015"]
[Site "Tallinn EST"]
[Date "2016.01.10"]
[Round "11.7"]
[White "Motylev, Alexander"]
[Black "Kulaots, Kaido"]
[Result "1-0"]
[WhiteTitle "GM"]
[BlackTitle "GM"]
[WhiteElo "2656"]
[BlackElo "2571"]
[WhiteFideId "4121830"]
[BlackFideId "4500261"]
[EventDate "2016.01.08"]

1. e4 c5 2. Nf3 g6 3. d4 Bg7 4. dxc5 Qa5+ 5. c3 Qxc5 6. Be3 Qa5 7. Nbd2 d6 8.
Nc4 Qc7 9. Bd4 Nf6 10. e5 dxe5 11. Bxe5 Qd7 12. Qxd7+ Bxd7 13. Bg3 Nc6 14. Nce5
Nxe5 15. Bxe5 O-O 16. O-O-O Rfd8 17. Bc4 Rac8 18. Bb3 Bc6 19. Rhe1 e6 20. Bd4 b6
21. a4 Ne4 22. Bxg7 Kxg7 23. Rxd8 Rxd8 24. Nd4 Bb7 25. f3 Nc5 26. Bc2 Kf6 27. b4
Nd7 28. Nb5 a5 29. Nd6 Bc6 30. Ne4+ Ke7 31. Nd2 Rc8 32. Kb2 Nf6 33. Bb3 Nd5 34.
b5 Bb7 35. Bxd5 Bxd5 36. c4 Bb7 37. Kc3 g5 38. g3 f6 39. Re3 e5 40. Rd3 h5 41.
Nb3 g4 42. fxg4 hxg4 43. c5 bxc5 44. Nxa5 Be4 45. Rd2 f5 46. Nc4 Ra8 47. a5 Bf3
48. a6 f4 49. Nxe5 fxg3 50. hxg3 Ke6 51. Nc4 1-0

[Event "Paul Keres Memorial 2015"]
[Site "Tallinn EST"]
[Date "2016.01.10"]
[Round "11.8"]
[White "Duda, Jan-Krzysztof"]
[Black "Lanka, Zigurds"]
[Result "1-0"]
[WhiteTitle "GM"]
[BlackTitle "GM"]
[WhiteElo "2660"]
[BlackElo "2439"]
[WhiteFideId "1170546"]
[BlackFideId "11600047"]
[EventDate "2016.01.08"]

1. d4 Nf6 2. c4 g6 3. Nc3 Bg7 4. e4 d6 5. f3 O-O 6. Be3 a6 7. Nge2 Nbd7 8. Qd2
c5 9. Rd1 b6 10. b3 Bb7 11. d5 b5 12. cxb5 Qa5 13. a4 Rfe8 14. Nc1 axb5 15. Nxb5
Qxd2+ 16. Kxd2 Rec8 17. Na2 Ne8 18. Nac3 Nb8 19. Bc4 Na6 20. Rhe1 Nb4 21. Re2
Nf6 22. Na3 Nd7 23. Bb5 Nb6 24. Nc4 Nxc4+ 25. Bxc4 Rf8 26. Bf4 Ba6 27. Nb5 Bxb5
28. Bxb5 f5 29. Bc4 fxe4 30. Rxe4 Rxf4 31. Rxf4 Bh6 32. Ke3 Rf8 33. g3 Bxf4+ 34.
gxf4 Kf7 35. Ke4 Ke8 36. Rg1 Kd7 37. Rg5 Nc2 38. Rg2 Nd4 39. b4 Kc7 40. a5 Rb8
41. Rb2 Nb5 42. Kd3 Na3 43. b5 Rf8 44. b6+ Kb8 45. a6 Ka8 46. Rb3 Rxf4 47. b7+ 1-0

[Event "Paul Keres Memorial 2015"]
[Site "Tallinn EST"]
[Date "2016.01.10"]
[Round "11.10"]
[White "Neiksans, Arturs"]
[Black "Putka, Verners"]
[Result "1-0"]
[WhiteTitle "GM"]
[WhiteElo "2607"]
[BlackElo "2307"]
[WhiteFideId "11601388"]
[BlackFideId "11600659"]
[EventDate "2016.01.08"]

1. d4 Nf6 2. c4 e6 3. Nf3 b6 4. g3 Ba6 5. b3 Bb4+ 6. Bd2 Be7 7. Nc3 d5 8. cxd5
exd5 9. Bg2 O-O 10. O-O c6 11. Ne5 Nfd7 12. f4 Nxe5 13. fxe5 Nd7 14. Rf2 Rc8 15.
Bh3 Rc7 16. Bf4 Bg5 17. Rc1 Bxf4 18. gxf4 f5 19. Qc2 Rb7 20. Bxf5 Qh4 21. Rf3 g6
22. Be6+ Kg7 23. e3 Nxe5 24. dxe5 d4 25. exd4 Rxf4 26. Qf2 Qg5+ 27. Qg3 Rg4 28.
Bxg4 Qxc1+ 29. Kg2 Rf7 30. Rxf7+ Kxf7 31. Qf2+ Kg7 32. h4 Qa3 33. Ne4 Bd3 34.
Nd6 1-0